Loading...
| Current Events | 4 | 12.50 | 75% | 25% | 25% |
| Fine Arts - Classical Music | 8 | 16.25 | 38% | 38% | 88% |
| Fine Arts - Other | 11 | 21.82 | 73% | 82% | 64% |
| Fine Arts - Painting & Sculpture | 10 | 16.00 | 70% | 40% | 50% |
| Geography | 4 | 20.00 | 100% | 50% | 50% |
| History - American | 11 | 18.18 | 55% | 73% | 55% |
| History - European | 8 | 16.25 | 50% | 63% | 50% |
| History - Other | 5 | 8.00 | 20% | 40% | 20% |
| History - World | 9 | 15.56 | 22% | 78% | 56% |
| Literature - American | 11 | 18.18 | 82% | 46% | 55% |
| Literature - British | 9 | 18.89 | 67% | 67% | 56% |
| Literature - European | 8 | 17.50 | 75% | 50% | 50% |
| Literature - World | 8 | 16.25 | 38% | 50% | 75% |
| Mythology | 6 | 16.67 | 83% | 17% | 67% |
| Other Academic | 4 | 17.50 | 25% | 75% | 75% |
| Philosophy | 7 | 12.86 | 57% | 57% | 14% |
| Religion | 10 | 16.00 | 50% | 70% | 40% |
| Science - Biology | 10 | 16.00 | 40% | 50% | 70% |
| Science - Chemistry | 8 | 13.75 | 38% | 63% | 38% |
| Science - Other | 6 | 11.67 | 50% | 17% | 50% |
| Science - Physics | 8 | 21.25 | 63% | 100% | 50% |
| Social Science | 9 | 20.00 | 33% | 78% | 89% |